Big Cats - Statistics

General Stats
  • This quiz has been taken 162 times
    130 since last reset
  • The average score is 7 of 10
Answer Stats
Starts With... Second Word Starts With... Third Word Starts With... Answer % Correct
L Nothing Nothing Lion
98%
J Nothing Nothing Jaguar
96%
T Nothing Nothing Tiger
96%
L Nothing Nothing Leopard
88%
P Nothing Nothing Panther
83%
C Nothing Nothing Cheetah
78%
C Nothing Nothing Cougar
73%
S L Nothing Snow Leopard
68%
C L Nothing Clouded Leopard
58%
S S L Sunda Snow Leopard
6%
No matching quizzes found
Score Distribution
Percent of People with Each Score
Percentile by Number Answered
Your Score History
You have not taken this quiz since the last reset